| Tag |
First Indicator |
Second Indicator |
Subfields |
| LEADER |
00000cam a2200000 a 4500 |
| 001 |
in00001508564 |
| 005 |
20151021100108.0 |
| 008 |
980701s1999 vtua b 001 0 eng |
| 010 |
|
|
|a 98035471
|
| 015 |
|
|
|a GB99-57027
|
| 019 |
|
|
|a 42040397
|
| 020 |
|
|
|a 1857423674
|
| 035 |
|
|
|a (OCoLC)39465027
|
| 035 |
|
|
|9 AJK8529AM
|
| 040 |
|
|
|a DLC
|c DLC
|d UKM
|d TXA
|d UtOrBLW
|
| 043 |
|
|
|a e-uk---
|
| 049 |
|
|
|a TXAM
|
| 050 |
0 |
0 |
|a HV751.A6
|b W66 1999
|
| 082 |
0 |
0 |
|a 362.76/8/0941
|2 21
|
| 245 |
0 |
0 |
|a Working for children on the child protection register :
|b an inter-agency practice guide /
|c edited by Martin C. Calder, Jan Horwath.
|
| 264 |
|
1 |
|a Aldershot, Hants, England ;
|a Brookfield, Vt. :
|b Ashgate, Arena,
|c [1999]
|
| 264 |
|
4 |
|c ©1999
|
| 300 |
|
|
|a xii, 323 pages :
|b illustrations ;
|c 22 cm.
|
| 336 |
|
|
|a text
|b txt
|2 rdacontent
|
| 337 |
|
|
|a unmediated
|b n
|2 rdamedia
|
| 338 |
|
|
|a volume
|b nc
|2 rdacarrier
|
| 504 |
|
|
|a Includes bibliographical references and index.
|
| 650 |
|
0 |
|a Abused children
|x Services for
|z Great Britain.
|
| 650 |
|
0 |
|a Child welfare
|z Great Britain.
|
| 650 |
|
0 |
|a Social work with children
|z Great Britain.
|
| 650 |
|
4 |
|a Child abuse
|z Great Britain.
|
| 650 |
|
4 |
|a Child welfare
|z Great Britain.
|
| 650 |
|
4 |
|a Social work with children
|z Great Britain.
|
| 650 |
|
4 |
|a Abused children
|x Services for
|z Great Britain.
|
| 700 |
1 |
|
|a Calder, Martin C.
|
| 700 |
1 |
|
|a Basarab-Horwath, Janet Anne,
|d 1952-
|
| 948 |
|
|
|a c:ce
|
| 999 |
|
|
|a MARS
|
| 999 |
f |
f |
|s 76e8d52b-5c76-3b49-bfe7-de63be1da6f2
|i 05541026-e00f-3b19-88ca-fb87fcf0669b
|t 0
|
| 952 |
f |
f |
|p ric
|a Texas A&M University
|b Rellis Campus
|c Joint Library Facility
|s JLF
|d Remote Storage
|t 0
|e HV751.A6 W66 1999
|h Library of Congress classification
|i unmediated -- volume
|m A14825244278
|
| 998 |
f |
f |
|a HV751.A6 W66 1999
|t 0
|l Remote Storage
|